| 000 | 01017cam a22002895a 4500 | ||
|---|---|---|---|
| 001 | 19022742 | ||
| 005 | 20201128024009.0 | ||
| 008 | 160319t2016 flua fr 001 0 eng d | ||
| 020 | _a9781482250350 | ||
| 040 |
_aBTCTA _beng _cBTCTA _dBDX _dYDXCP _dCDX _dIBI _dCUV _dUV0 _dOCLCQ _dOCLCF _dDLC _dEG-ScBUE |
||
| 082 | 0 | 4 |
_222 _a620.001518 _bAYY |
| 100 | 1 |
_aAyyub, Bilal M. _927441 |
|
| 245 | 1 | 0 |
_aNumerical analysis for engineers : _bmethods and applications / _cBilal Ayyub, Richard H. McCuen. |
| 250 | _a2nd ed. | ||
| 260 |
_aBoca Raton : _bCRC Press / Taylor & Francis Group, _cc.2016. |
||
| 300 |
_axix, 431 p. : _bill. ; _c26 cm. |
||
| 490 | 0 | _aTextbooks in mathematics | |
| 500 | _aIndex : p. 423-431. | ||
| 650 | 7 |
_aEngineering mathematics. _2BUEsh _93194 |
|
| 650 | 7 |
_aNumerical analysis. _2BUEsh _9465 |
|
| 651 | _2BUEsh | ||
| 653 |
_bENGGEN _cNovember2016 |
||
| 653 |
_bENGCIV _cFebruary2017 |
||
| 655 |
_vReading book _934232 |
||
| 700 | 1 |
_aMcCuen, Richard H., _d1941- _927444 |
|
| 942 |
_2ddc _e22 _k620.001518 AYY |
||
| 999 |
_c23182 _d23154 |
||